Idiomas de JetPunk - Estadísticas

Estadísticas generales
  • Esta prueba ha sido intentada 23 veces
    2 desde el último reinicio
  • La puntuación promedio es 21 de 28
Estadísticas de respuestas
Destacado Idiomas % Correcto
Alemán
100%
Árabe
100%
Búlgaro
100%
Checo
100%
Chino
100%
Croata
100%
Español
100%
Finés
100%
Francés
100%
Griego
100%
Inglés
100%
Italiano
100%
Japonés
100%
Polaco
100%
Portugués
100%
Rumano
100%
Ruso
100%
Serbio
100%
Turco
100%
Danés
50%
Noruego
50%
Sueco
50%
Azerí
0%
Catalán
0%
Húngaro
0%
Neerlandés
0%
Télugu
0%
Veneciano
0%
No se encontraron pruebas coincidentes
Distribución de puntuación
Porcentaje de gente con cada puntuación
Porcentaje por número respondido
Historial de tus puntuaciones
No has intentado esta prueba desde el último reinicio